Macroeconomic theory (Record no. 153402)
[ view plain ]
| 000 -LEADER | |
|---|---|
| fixed length control field | 00513nam a2200217Ia 4500 |
| 003 - CONTROL NUMBER IDENTIFIER | |
| control field | OSt |
| 005 - DATE AND TIME OF LATEST TRANSACTION | |
| control field | 20230526091134.0 |
| 008 - FIXED-LENGTH DATA ELEMENTS--GENERAL INFORMATION | |
| fixed length control field | 210210b2014 xxu||||| |||| 00| 0 eng d |
| 020 ## - INTERNATIONAL STANDARD BOOK NUMBER | |
| International Standard Book Number | 9788182812987 |
| 040 ## - CATALOGING SOURCE | |
| Transcribing agency | AL |
| 041 ## - LANGUAGE CODE | |
| Language code of text/sound track or separate title | eng |
| 082 ## - DEWEY DECIMAL CLASSIFICATION NUMBER | |
| Classification number | 339 JHIM |
| 100 ## - MAIN ENTRY--PERSONAL NAME | |
| Personal name | JHINGAN (M L) |
| 9 (RLIN) | 114641 |
| 245 ## - TITLE STATEMENT | |
| Title | Macroeconomic theory |
| 250 ## - EDITION STATEMENT | |
| Edition statement | 12 |
| 260 ## - PUBLICATION, DISTRIBUTION, ETC. | |
| Place of publication, distribution, etc. | Delhi |
| Name of publisher, distributor, etc. | Vrinda Publications (P) Ltd. |
| Date of publication, distribution, etc. | 2014 |
| 300 ## - PHYSICAL DESCRIPTION | |
| Extent | xviii,550 |
| 690 ## - LOCAL SUBJECT ADDED ENTRY--TOPICAL TERM (OCLC, RLIN) | |
| Topical term or geographic name as entry element | Macro Economics |
| 9 (RLIN) | 114642 |
| 906 ## - LOCAL DATA ELEMENT F, LDF (RLIN) | |
| a | 069304 |
| 942 ## - ADDED ENTRY ELEMENTS (KOHA) | |
| Source of classification or shelving scheme | Dewey Decimal Classification |
| Koha item type | Book |
| Withdrawn status | Lost status | Source of classification or shelving scheme | Damaged status | Not for loan | Collection code | Home library | Current library | Date acquired | Source of acquisition | Cost, normal purchase price | Total Checkouts | Total Renewals | Full call number | Barcode | Date last seen | Date last checked out | Price effective from | Koha item type |
|---|---|---|---|---|---|---|---|---|---|---|---|---|---|---|---|---|---|---|
| Dewey Decimal Classification | Economics | St Aloysius Library | St Aloysius Library | 02/17/2021 | Biblios Book Point, Surathkal-575014 | 250.00 | 6 | 1 | 339 JHIM | 069307 | 05/13/2024 | 04/29/2024 | 02/17/2021 | Book | ||||
| Dewey Decimal Classification | Economics | St Aloysius Library | St Aloysius Library | 02/17/2021 | Biblios Book Point, Surathkal-575014 | 250.00 | 6 | 339 JHIM | 069306 | 04/01/2024 | 03/21/2024 | 02/17/2021 | Book | |||||
| Dewey Decimal Classification | Economics | St Aloysius Library | St Aloysius Library | 02/17/2021 | Biblios Book Point, Surathkal-575014 | 250.00 | 3 | 1 | 339 JHIM | 069305 | 05/31/2025 | 05/07/2025 | 02/17/2021 | Book | ||||
| Dewey Decimal Classification | Economics | St Aloysius Library | St Aloysius Library | 02/17/2021 | Biblios Book Point, Surathkal-575014 | 250.00 | 9 | 4 | 339 JHIM | 069304 | 05/31/2025 | 05/07/2025 | 02/17/2021 | Book |